| 000 | 01106nam a2200325 c 4500 | ||
|---|---|---|---|
| 003 | BLK | ||
| 005 | 20240325163446.0 | ||
| 008 | 180411b bul|||||r ||||||| ||bul|| | ||
| 010 | _aKNG00190106000 | ||
| 040 | _aBLK | ||
| 041 |
_aBUL _cBUL |
||
| 080 |
_aКраезнание _b908 _x(497.2) _z908(497.2) |
||
| 100 |
_aКолев, Константин _9366941 |
||
| 700 |
_aДамянов, Дамян Петров _9363661 |
||
| 139 |
_aКолев, Константин _bК 78 |
||
| 245 | 1 | 0 |
_aХляб и рози _bКазанлъшка мозайка _cКонстантин Колев; с предг. от Дамян Петров Дамянов. |
| 257 | _aBGR | ||
| 260 |
_аСофия _bПрофиздат _c1983 |
||
| 300 |
_a232 с. _c21 см |
||
| 380 | _a91 | ||
| 650 | 4 |
_aКазанлък - история _9342465 |
|
| 651 | 4 |
_aКазанлък _9178979 |
|
| 653 | _aКазанлък | ||
| 852 | _aЦб 123138 | ||
| 856 | 4 |
_qpdf _u |
|
| 856 | 4 |
_qpdf _u |
|
| 942 |
_cKNG _n0 |
||
| 944 |
_aCR _c31.10.2016 _k30560 _lГеновева Генчева |
||
| 944 |
_aED _c31.10.2016 _kТеодора_Стоянова |
||
| 999 |
_c181213 _d181213 |
||